000 00737nam a22002057a 4500
999 _c9760
_d9760
003 AR-CdUCM
008 190328b ||||| |||| 00| 0 spa d
040 _aMUNICIPALIDAD PROVINCIAL DEL CUSCO
_cBIBLIOTECA MUNICIPAL DEL CUSCO
082 _a869.56 /
_bB41V / 1962
100 _aBenavente, Vicente
_95107
245 _aVientos de amor :
_bantología /
260 _aJuliaca :
_bGarcilaso :
_bEdiciones Cielo y Tierra,
_c1962.
300 _a[s.n] ;
_c15 cm.
500 _aDedicatoria del autor a Gustavo Pérez Ocampo. Publicación local, y artesanal.
650 _aPoesía peruana - Juliaca
_926189
650 _aPoesía del sur andino - Siglo XX
_926190
650 _aPoetas peruanos
_91611
942 _2ddc
_cLIBROS
945 _alccs